书目信息 |
| 题名: |
工程化学基础教程
|
|
| 作者: | 刘立明 主编 | |
| 分册: | ||
| 出版信息: | 北京 化学工业出版社 2015 |
|
| 页数: | 245页, [1] 叶图版 | |
| 开本: | 27cm | |
| 丛书名: | ||
| 单 册: | ||
| 中图分类: | TQ02-43 | |
| 科图分类: | ||
| 主题词: | 工程化学--gong cheng hua xue--高等教育--教材 | |
| 电子资源: | ||
| ISBN: | 978-7-122-22510-8 | |
| 000 | 01199nam0 2200277 450 | |
| 001 | 012001000772 | |
| 005 | 20131106170431.0 | |
| 010 | @a978-7-122-22510-8@dCNY32.00 | |
| 092 | @aCN@b三新KJ1070-0222 | |
| 099 | @aCAL 012015079350 | |
| 100 | @a20150629d2015 em y0chiy50 ea | |
| 101 | 0 | @achi |
| 102 | @aCN@b110000 | |
| 105 | @aafk a 000yy | |
| 106 | @ar | |
| 200 | 1 | @a工程化学基础教程@Agong cheng hua xue ji chu jiao cheng@f刘立明主编 |
| 210 | @a北京@c化学工业出版社@d2015 | |
| 215 | @a245页, [1] 叶图版@c图@d27cm | |
| 320 | @a有书目 (第245页) | |
| 330 | @a本书是根据“卓越工程师教育培养计划”的基本要求以及国家工科基础课程化学教学指导委员会对普通化学课程教学基本要求而编写的, 结合当前国内外的化学发展趋势, 力求突出工程应用特色。全书共9章基本内容, 主要内容包括: 化学热力学、化学动力学和物质结构等, 为宏观性质及微观结构内容; 溶液、电化学、无机单质和无机化合物、有机化合物、无机材料和合成高分子材料等, 为宏观性质及微观结构内容的应用。 | |
| 333 | @a普通高等教育“十二五”规划教材 | |
| 606 | 0 | @a工程化学@Agong cheng hua xue@x高等教育@j教材 |
| 690 | @aTQ02-43@v5 | |
| 701 | 0 | @a刘立明@Aliu li ming@4主编 |
| 801 | 0 | @aCN@b北京卓展文化@c20191020 |
| 905 | @b1196811-4@dTQ02-43@e492@f4 | |
| 工程化学基础教程/刘立明主编.-北京:化学工业出版社,2015 |
| 245页, [1] 叶图版:图;27cm |
| 使用对象:普通高等教育“十二五”规划教材 |
| ISBN 978-7-122-22510-8:CNY32.00 |
| 本书是根据“卓越工程师教育培养计划”的基本要求以及国家工科基础课程化学教学指导委员会对普通化学课程教学基本要求而编写的, 结合当前国内外的化学发展趋势, 力求突出工程应用特色。全书共9章基本内容, 主要内容包括: 化学热力学、化学动力学和物质结构等, 为宏观性质及微观结构内容; 溶液、电化学、无机单质和无机化合物、有机化合物、无机材料和合成高分子材料等, 为宏观性质及微观结构内容的应用。 |
| ● |
| 相关链接 |
|
|
|
|
正题名:工程化学基础教程
索取号:TQ02-43/492
 
预约/预借
| 序号 | 登录号 | 条形码 | 馆藏地/架位号 | 状态 | 备注 |
| 1 | 1196811 | 211968110 | 第二样本阅览室/ [索取号:TQ02-43/492] | 在馆 | |
| 2 | 1196812 | 211968129 | 第三借阅区/ [索取号:TQ02-43/492] | 在馆 | |
| 3 | 1196813 | 211968138 | 第三借阅区/ [索取号:TQ02-43/492] | 在馆 | |
| 4 | 1196814 | 211968147 | 第三借阅区/ [索取号:TQ02-43/492] | 在馆 |